000
00303nam a2200121Ia 4500
008
241028s9999 xx 000 0 und d
041
_a
eng
082
_a
658.15 KAP
100
_a
Kapil
245
_a
Financial Valuation And Modelling
260
_b
Wiley India
_a
New Delhi
_c
2022
300
_a
504;. P. 23 cm
999
_c
43081
_d
43081